Monopolios norteamericanos y corporaciones multinacionales /

Uloženo v:
Podrobná bibliografie
Hlavní autor: Cambre Mariño, Jesús
Médium: Text
Témata:
Tagy: Přidat tag
Žádné tagy, Buďte první, kdo vytvoří štítek k tomuto záznamu!

MARC

LEADER 00000 a a2200000 04500
001 41733
003
040
100 |a Cambre Mariño, Jesús  
245 |a Monopolios norteamericanos y corporaciones multinacionales /  |c Jesús Cambre Mariño  
650 |a EMPRESAS TRANSNACIONALES  
650 |a ESTADOS UNIDOS  
650 |a CAPITALISMO  
650 |a PAISES EN DESARROLLO  
650 |a GOBIERNO  
773 |g volumen3, número11 ( , 1972), páginas 95-112  
999 |c 26425  |d 26425